000
00274nam a2200121Ia 4500
008
190216s9999||||xx |||||||||||||| ||und||
100
_a
Nair S K
245
0
_a
Sachiva Prathinja
260
_b
Poorna Pubs Kozhikode
_c
1988
300
_a
109
650
_a
Nadakam
942
_c
BK
999
_c
28221
_d
28221